000 00450nam a2200169Ia 4500
001 10276
003 IN-NITTTR
005 20251114233056.0
008 251113s9999||||xx |||||||||||||| ||eng||
040 _beng
040 _cIN-NITTTR
041 _aeng
082 _a371.2 E78C
100 _aEpstein, Charlotte
245 0 _aClassroom management and teaching :
_b persistent problems and rational solutions. /
_cEpstein, Charlotte
942 _2ddc
_cBK
999 _c12913
_d12913